000 00493nam a2200193 a 4500
001 1772189679491
003 YourLibrary
005 20260227162635.0
008 260227s2009##################000#0#eng##
020 _a9780786440726
082 0 4 _a322.420973
_bNEW
100 1 _aNewton, Michael,
_eauthor.
245 1 0 _aThe FBI and the KKK :
260 _bMcFarland,
_c2009.
300 _a249 pages
650 0 _aSocial Science.
942 _cENGLISH
040 _aYourLibrary
_beng
_cYourLibrary
999 _c616076
_d616076